| 000 | 00612nam a22001457a 4500 | ||
|---|---|---|---|
| 020 | _a978-0-689-86567-1 | ||
| 082 |
_a823 _bKEE/N |
||
| 100 | _aKEENE, CAROLYN | ||
| 245 | _aNANCY DREW - A RACE AGAINST TIME | ||
| 260 |
_aNEW YORK _bALADDIN PAPERBACKS _c2004 |
||
| 300 | _a151 | ||
| 520 | _aA valuable racehorse has been stolen from a nearby farm. It is up to Nancy to figure out which of its owner's many enemies may have taken the prize thoroughbred. There's also another mystery around. Someone keeps disturbing the film club as they are shooting their film. | ||
| 650 |
_aDETECTIVE _zUNITED STATES |
||
| 942 | _cBK | ||
| 999 |
_c7871 _d7871 |
||